00524 2200193 4500001002100000005001500021035002000036008004100056245004100097100002400138250001400162260003600176300003800212020002200250082001000272084001600282650001800298990001400316INLIS00000000000064420250623085709 a0010-0625000342250623 j 1 ind 1 aMagical girls /cSiti Nabila Zulinar aSiti Nabila Zulinar acet. Ke-1 aBandung :bMizan Pustaka,c2012 av.160 hlm :bIlus ;c14,5x20,8 cm a978-602-9498-73-8 a028.5 a028.5 SIT m 4aMagical girls a0756/2024